| 000 | 00000nam##2200000za#4500 |
| 001 | 9.573807 |
| 003 | CaOODSP |
| 005 | 20210705115226 |
| 007 | cr ||||||||||| |
| 008 | 150406|2001||||xxc|||||o f|0| 0 eng|d |
| 040 | |aCaOODSP|beng |
| 043 | |an-cn--- |
| 086 | 1 |aH117-3/1-2001E-PDF |
| 110 | 1 |aCanada. |bCanadian Institute for Health Information. |
| 245 | 10|aComparisons of trauma hospitalizations across Canada, 1998/99 / |h[electronic resource]|cIssued jointly by Statistics Canada. |
| 260 | |aOttawa - Ontario : |bCanadian Institute for Health Information |cAugust 2001. |
| 300 | |a10p.|bcoloured figs., graphs, tables |
| 490 | 1 |aNational Trauma Registry bulletin |
| 590 | |a12-19-Supp|b2012-04-30 |
| 830 | #0|aNational Trauma Registry bulletin.|w(CaOODSP)9.506983 |
| 856 | 40|ahttp://publications.gc.ca|qPDF|s172 KB|uhttps://publications.gc.ca/collections/collection_2012/icis-cihi/H117-3-1-2001-eng.pdf |